000
00358nam a2200133Ia 4500
008
100328s9999 xx 000 0 und d
082
_b
60238
100
_a
वाघे हेमंत.
245
_a
टिटॅनिक.
260
_b
गं्रथाली.
630
_a
टिटॅनिक.
730
_a
टिटॅनिक.
942
_c
BOOK
999
_c
546400
_d
546397